| 000 | 00611nam a2200181Ia 4500 | ||
|---|---|---|---|
| 005 | 20250423100655.0 | ||
| 008 | 250422s9999 xx 000 0 und d | ||
| 020 | _a9780735643383 | ||
| 050 | _aTK 5105.8885.A26 .E87/ | ||
| 100 | _aEsposito, Dino | ||
| 245 | 0 | _aProgramming microsoft ASP.NET 4 | |
| 260 | _aWashington | ||
| 260 | _bMicrosoft Press | ||
| 260 | _c2011 | ||
| 300 | _a965 p | ||
| 650 | _a Active server pages. Active server pages (Computer software) Web sites--Design. Web site development. Internet programming. Web sites--Design. Microsoft .NET. | ||
| 942 | _cBK | ||
| 999 |
_c34019 _d34019 |
||